000 01028nam a2200229 a 4500
001 000048624
005 20220602123848.0
008 190403s2015 000 spa d
020 _a9789945481662
040 _aDO-SdBNP
_bspa
_cBNPHU
041 1 7 _aspa
_heng
082 _axx
_bxx
100 1 _aÁlvarez Guerrero, Gabriela
_976075
245 1 0 _aEntre los 15 y los 16 :
_bvisión de una adolescente sobre el maltrato y otros temas fundamentales=
_bBetween fifteen and sixteen : teenager is view on child abuse an other issues /
_cGabriela Álvarez Guerrero ; editor Miguel Guerrero.
260 _aSanto Domingo :
_bEditora Centenario,
_c2015.
300 _axxi , 138, xxi, 134 p. ; :
_b24 cm.
500 _aIncluye datos biográficos del autor en la solapa de la cubierta
590 _aInventariado, 2019/VM
563 _aDos obras encuadernadas juntas con paginación invertidas
700 _aGuerrero, Miguel,
_d1945-
_eed.
_914303
740 0 _aBetween fifteen and sixteen : teenager is view on child abuse an other issues /
999 _c48112
_d48112